| 000 | 00809nam0a22002291 4500 | ||
|---|---|---|---|
| 001 | rc\3124191 | ||
| 005 | 20250530065738.0 | ||
| 035 | _a(NLR Aleph) 007281667 | ||
| 090 |
_a5515991 _c5515991 |
||
| 100 | _a20120615d1975 |||y0rusy50 ca | ||
| 101 | 0 | _arus | |
| 102 | _aRU | ||
| 105 | _ay z ||||| | ||
| 200 | 1 |
_aОсновные показатели уровня концентрации и специализации сельскохозяйственного производства в колхозах и совхозах за 1973 г. _fМ-во с. х. РСФСР |
|
| 210 |
_a[Москва _cБ. и. _d1975] |
||
| 215 |
_a[2], 80 с. _d14х20 |
||
| 333 | _aДСП. Экз. № 000199 | ||
| 801 | 0 |
_aRU _bNLR _gpsbo |
|
| 801 | 1 |
_aRU _bELAR _2rusmarc |
|
| 852 |
_aNLR _j75-50К/3921 |
||
| 942 | _cBOOK | ||
| 980 | _aNB | ||